Jeux vidéo en image - C - Statistiques

Statistiques générales
  • Ce quiz a été pris 168 fois
    57 depuis la dernière actualisation
  • Le résultat moyen est 9 sur 20
Statistiques - réponses
Par images Réponse % Correct
Call of Duty: Black Ops
96%
Cyberpunk 2077
94%
Cuphead
88%
Crash Bandicoot 4: It's About Time
86%
Counter-Strike 2
82%
Celeste
65%
Civilization VI
49%
Cult of the Lamb
49%
Control
45%
Crysis
43%
Castlevania
39%
Chivalry 2
33%
Crusader Kings III
31%
Chants of Sennaar
24%
Call of Juarez: Gunslinger
14%
Conan Exiles
14%
Castle Crashers
12%
Call of the Sea
10%
Cry of Fear
10%
Carrion
2%
Aucun quiz correspondant
Distribution des résultats
% des personnes avec chaque résultat
Percentile par nombre de réponses
Votre historique - résultats
Vous n’avez pas pris ce quiz depuis la dernière actualisation